[Event "WchT Seniors 50"]
[Site "Struga"]
[Date "2023.09.24"]
[Round "6.3"]
[White "Guo, Jun"]
[Black "Dobrotka, Martin"]
[Result "1/2-1/2"]
[WhiteElo "2244"]
[BlackElo "2207"]
[PlyCount "69"]
[EventDate "2023.09.19"]
[EventType "team-swiss"]
[EventRounds "9"]
[EventCountry "MKD"]
[SourceTitle "EXT 2024"]
[Source "ChessBase"]
[SourceDate "2023.10.10"]
[SourceVersion "1"]
[SourceVersionDate "2023.10.10"]
[SourceQuality "1"]
[WhiteTeam "China Shenzhen 50 (W)"]
[BlackTeam "Slovakia 50"]
[WhiteTeamCountry "CHN"]
[BlackTeamCountry "SVK"]

1. e4 e6 2. d4 d5 3. Nd2 Nf6 4. e5 Nfd7 5. Bd3 b6 6. c3 Ba6 7. Bxa6 Nxa6 8. f4 c5 9. Ne2 Be7 10. 0-0 g6 11. Nf3 Nc7 12. Be3 Qc8 13. Bf2 Qa6 14. Bh4 Bxh4 15. Nxh4 0-0-0 16. b4 c4 17. a4 Qb7 18. b5 f5 19. Qd2 Rdg8 20. Nf3 h6 21. h4 Nf8 22. Kf2 Nh7 23. Rh1 Rg7 24. Neg1 Kd7 25. Nh3 Ra8 26. Qb2 a5 27. bxa6 Rxa6 28. Rhb1 Qc6 29. Qb4 Rg8 30. Ke3 Rga8 31. Nf2 Rxa4 32. Rxa4 Rxa4 33. Qxb6 Qxb6 34. Rxb6 Ra3 35. Nd1 1/2-1/2

[Event "EU-chT Seniors 50"]
[Site "Swidnica"]
[Date "2023.07.16"]
[Round "5.2"]
[White "Fink Nunn, Petra"]
[Black "Dobrotka, Martin"]
[Result "0-1"]
[WhiteElo "1982"]
[BlackElo "2210"]
[PlyCount "100"]
[EventDate "2023.07.12"]
[EventType "team-tourn"]
[EventRounds "9"]
[EventCountry "POL"]
[SourceTitle "CBM 215 Extra"]
[Source "ChessBase"]
[SourceDate "2023.09.30"]
[SourceVersion "1"]
[SourceVersionDate "2023.09.30"]
[SourceQuality "1"]
[WhiteTeam "England 50 (W)"]
[BlackTeam "Slovakia 50"]
[WhiteTeamCountry "ENG"]
[BlackTeamCountry "SVK"]

1. e4 c5 2. Nf3 Nc6 3. Bb5 g6 4. Bxc6 dxc6 5. d3 Bg7 6. h3 Nf6 7. 0-0 0-0 8. Nc3 b6 9. Re1 Ne8 10. Be3 Nc7 11. Qd2 Ne6 12. Bh6 Nd4 13. Nxd4 cxd4 14. Ne2 c5 15. Bxg7 Kxg7 16. c3 e5 17. cxd4 cxd4 18. Rac1 Ba6 19. Qc2 Rc8 20. Qb3 Qd6 21. Red1 Rxc1 22. Rxc1 Rc8 23. Rxc8 Bxc8 24. Qc4 Be6 25. Qc2 Qc5 26. Qxc5 bxc5 27. b3 f5 28. f3 Kf6 29. Kf2 f4 30. Nc1 Ke7 31. Ke2 g5 32. Kd2 Kd6 33. Kc2 Kc6 34. Ne2 Kb6 35. Kb2 Bc8 36. Kc2 Ka5 37. Kb2 Ba6 38. Nc1 Kb4 39. a3+ Ka5 40. Kc2 Bc8 41. Ne2 Be6 42. Kb2 Kb5 43. Kc2 a5 44. Kb2 a4 45. Nc1 h5 46. Kc2 g4 47. hxg4 hxg4 48. fxg4 Bxg4 49. bxa4+ Kxa4 50. Nb3 Bd1+ 0-1

[Event "SVK-chT1W 2223"]
[Site "Slovakia"]
[Date "2023.03.11"]
[Round "10.2"]
[White "Dobrotka, Martin"]
[Black "Zetocha, Claudiu"]
[Result "1/2-1/2"]
[WhiteElo "2217"]
[BlackElo "2280"]
[PlyCount "26"]
[EventDate "2022.10.15"]
[EventType "team-tourn"]
[EventRounds "11"]
[EventCountry "SVK"]
[SourceTitle "EXT 2024"]
[Source "ChessBase"]
[SourceDate "2023.10.10"]
[SourceVersion "1"]
[SourceVersionDate "2023.10.10"]
[SourceQuality "1"]
[WhiteTeam "Levice"]
[BlackTeam "Bratislava Slovan II"]
[WhiteTeamCountry "SVK"]
[BlackTeamCountry "SVK"]

1. d4 Nf6 2. Nf3 e6 3. Bg5 h6 4. Bh4 c5 5. e3 b6 6. Nbd2 Bb7 7. c3 Be7 8. Bxf6 Bxf6 9. Bd3 Nc6 10. Qe2 d6 11. Ba6 Qc8 12. Bxb7 Qxb7 13. 0-0 0-0 1/2-1/2

[Event "SVK-ch rapid"]
[Site "Podbanske"]
[Date "2022.09.11"]
[Round "6"]
[White "Borsos, Bogdan"]
[Black "Dobrotka, Martin"]
[Result "0-1"]
[WhiteElo "2055"]
[BlackElo "2159"]
[PlyCount "70"]
[EventDate "2022.09.10"]
[EventType "swiss (rapid)"]
[EventRounds "9"]
[EventCountry "SVK"]
[SourceTitle "CBM 210 Extra"]
[Source "ChessBase"]
[SourceDate "2022.11.30"]
[SourceVersion "1"]
[SourceVersionDate "2022.11.30"]
[SourceQuality "1"]

1. d4 d6 2. e4 e5 3. Nf3 Nc6 4. Bb5 exd4 5. Nxd4 Bd7 6. 0-0 Nge7 7. Bg5 h6 8. Be3 a6 9. Ba4 Nxd4 10. Bxd7+ Qxd7 11. Qxd4 Nc6 12. Qd2 0-0-0 13. c4 Qe6 14. Nc3 g5 15. Rac1 Bg7 16. f3 Rhe8 17. b4 Nxb4 18. Nd5 Nc6 19. c5 f5 20. exf5 Qxf5 21. Bf2 Re5 22. Ne3 Qe6 23. Ng4 Re2 24. Rfe1 Rxd2 25. Rxe6 dxc5 26. Bxc5 Rxa2 27. Rg6 Bd4+ 28. Bxd4 Nxd4 29. Kh1 Ne2 30. Re1 Nf4 31. Rxh6 Nxg2 32. Rc1 Nf4 33. Rh7 c6 34. Rg7 Rad2 35. Rg1 Nh3 0-1

[Event "SVK-ch rapid"]
[Site "Podbanske"]
[Date "2022.09.10"]
[Round "1"]
[White "Dobrotka, Martin"]
[Black "Slivka, Vasil"]
[Result "1-0"]
[WhiteElo "2159"]
[BlackElo "1574"]
[PlyCount "77"]
[EventDate "2022.09.10"]
[EventType "swiss (rapid)"]
[EventRounds "9"]
[EventCountry "SVK"]
[SourceTitle "CBM 210 Extra"]
[Source "ChessBase"]
[SourceDate "2022.11.30"]
[SourceVersion "1"]
[SourceVersionDate "2022.11.30"]
[SourceQuality "1"]

1. d4 Nf6 2. c4 g6 3. Nc3 Bg7 4. Nf3 d6 5. g3 0-0 6. Bg2 Nc6 7. 0-0 a6 8. h3 Bd7 9. Be3 Qc8 10. Kh2 Nd8 11. Qd2 Re8 12. Rfd1 Rb8 13. Rac1 c6 14. Bh6 Ne6 15. e4 Bh8 16. e5 Nh5 17. Ne4 dxe5 18. dxe5 Rd8 19. g4 Nhg7 20. Qe3 Be8 21. Qb6 Rxd1 22. Rxd1 Bd7 23. a4 Ne8 24. a5 Bg7 25. Bxg7 Kxg7 26. Nc5 Nxc5 27. Qxc5 Kf8 28. Ng5 h6 29. Nh7+ Kg7 30. Qxe7 Be6 31. Nf6 Nxf6 32. exf6+ Kg8 33. b3 Qe8 34. Be4 Kh7 35. f4 Qxe7 36. fxe7 Re8 37. f5 gxf5 38. gxf5 Bxc4 39. f6+ 1-0

[Event "SVK-chT1W 2122"]
[Site "Slovakia"]
[Date "2022.04.24"]
[Round "9.2"]
[White "Dobrotka, Martin"]
[Black "Farkas, Gabor"]
[Result "0-1"]
[WhiteElo "2252"]
[BlackElo "2315"]
[PlyCount "94"]
[EventDate "2021.11.06"]
[EventType "team-tourn"]
[EventRounds "11"]
[EventCountry "SVK"]
[SourceTitle "EXT 2023"]
[Source "ChessBase"]
[SourceDate "2022.10.05"]
[SourceVersion "1"]
[SourceVersionDate "2022.10.05"]
[SourceQuality "1"]
[WhiteTeam "Povazska Bystrica"]
[BlackTeam "Gabcikovo MSK"]
[WhiteTeamCountry "SVK"]
[BlackTeamCountry "SVK"]

1. d4 d5 2. c4 e6 3. Nc3 c6 4. cxd5 exd5 5. Bf4 Bd6 6. Bxd6 Qxd6 7. e3 Bf5 8. Bd3 Bxd3 9. Qxd3 Nf6 10. Nf3 Nbd7 11. 0-0 0-0 12. b4 Rfe8 13. Rab1 Rad8 14. Qc2 Ne4 15. Na4 b5 16. Nc5 Ndxc5 17. dxc5 Qh6 18. a4 a6 19. axb5 axb5 20. Ra1 Re6 21. Rfd1 Rde8 22. Qb2 Qh5 23. Qd4 h6 24. Ra2 Rg6 25. Ne1 Nc3 26. Qxc3 Qxd1 27. Kf1 Rg4 28. Ra1 Rc4 29. Rxd1 Rxc3 30. Ke2 Ra8 31. Kd2 Rb3 32. Nd3 Ra2+ 33. Ke1 Raa3 34. Ne5 Ra6 35. Nd3 f6 36. Ke2 Raa3 37. h4 Kf7 38. h5 Ra2+ 39. Kf3 Rc2 40. g4 Ke7 41. Kg3 Rcc3 42. Nc1 Rb1 43. Ne2 Rxd1 44. Nxc3 Rd2 45. Kf3 Rb2 46. Ne2 Rxb4 47. Nd4 Rxd4 0-1

[Event "SVK-chT2B 2122"]
[Site "Slovakia"]
[Date "2022.03.06"]
[Round "6.1"]
[White "Kijac, Miroslav"]
[Black "Dobrotka, Martin"]
[Result "1/2-1/2"]
[WhiteElo "2083"]
[BlackElo "2252"]
[PlyCount "31"]
[EventDate "2021.10.16"]
[EventType "team-tourn"]
[EventRounds "11"]
[EventCountry "SVK"]
[SourceTitle "EXT 2023"]
[Source "ChessBase"]
[SourceDate "2022.10.05"]
[SourceVersion "1"]
[SourceVersionDate "2022.10.05"]
[SourceQuality "1"]
[WhiteTeam "Povazske Podhradie"]
[BlackTeam "Prievidza"]
[WhiteTeamCountry "SVK"]
[BlackTeamCountry "SVK"]

1. d4 d6 2. Nf3 Nf6 3. c4 g6 4. Nc3 Bg7 5. e4 0-0 6. Be2 Nbd7 7. 0-0 e5 8. Re1 Re8 9. Bf1 h6 10. b3 Kh7 11. Rb1 Nh5 12. g3 Nf8 13. d5 f5 14. Bg2 f4 15. b4 Re7 16. Nd2 1/2-1/2

[Event "SVK-ch rapid"]
[Site "Topolcany"]
[Date "2020.07.11"]
[Round "2"]
[White "Plasek, Zdenek"]
[Black "Dobrotka, Martin"]
[Result "0-1"]
[WhiteElo "1946"]
[BlackElo "2207"]
[PlyCount "88"]
[EventDate "2020.07.11"]
[EventType "swiss (rapid)"]
[EventRounds "9"]
[EventCountry "SVK"]
[SourceTitle "CBM 197 Extra"]
[Source "ChessBase"]
[SourceDate "2020.09.30"]
[SourceVersion "1"]
[SourceVersionDate "2020.09.30"]
[SourceQuality "1"]

1. g3 g6 2. Nf3 Bg7 3. Bg2 Nf6 4. d3 d6 5. c3 c6 6. e4 0-0 7. 0-0 Qa5 8. Bg5 h6 9. b4 Qc7 10. Bc1 a5 11. Bb2 Bg4 12. Qc2 Qc8 13. Re1 e5 14. Nbd2 Nh5 15. Nc4 axb4 16. Nb6 Qd8 17. Nxa8 bxc3 18. Bxc3 Na6 19. h3 Be6 20. d4 Qxa8 21. Qb2 f6 22. Reb1 Bc8 23. Qb6 Kh7 24. Rb2 exd4 25. Bxd4 Nc5 26. Bxc5 dxc5 27. Rc1 Rf7 28. Qxc5 Bf8 29. Qc4 Kg7 30. Rd1 Qa7 31. Rc2 Nxg3 32. e5 Nf5 33. Nd4 Nxd4 34. exf6+ Rxf6 35. Qxd4 Qxd4 36. Rxd4 Bf5 37. Rb2 b5 38. Bxc6 Rxc6 39. Rxb5 h5 40. Kg2 Bd6 41. Rb7+ Kh6 42. Rd2 Bf4 43. Rdb2 Rc3 44. R7b3 Bxh3+ 0-1

[Event "SVK-chT2B 1920"]
[Site "Slovakia"]
[Date "2020.01.26"]
[Round "7.2"]
[White "Dobrotka, Martin"]
[Black "Kvassay, Peter"]
[Result "1-0"]
[WhiteElo "2184"]
[BlackElo "1982"]
[PlyCount "147"]
[EventDate "2019.10.26"]
[EventType "team-tourn"]
[EventRounds "11"]
[EventCountry "SVK"]
[SourceTitle "CBM 194 Extra"]
[Source "ChessBase"]
[SourceDate "2020.03.31"]
[SourceVersion "1"]
[SourceVersionDate "2020.03.31"]
[SourceQuality "1"]
[WhiteTeam "Prievidza"]
[BlackTeam "Povazska Bystrica II"]
[WhiteTeamCountry "SVK"]
[BlackTeamCountry "SVK"]

1. d4 Nf6 2. Nf3 e6 3. Bg5 c5 4. c3 d5 5. e3 Nc6 6. Be2 h6 7. Bh4 Qb6 8. Qb3 Qxb3 9. axb3 Ne4 10. Nfd2 Nd6 11. Bg3 Nf5 12. Na3 Nxg3 13. hxg3 Bd7 14. dxc5 Bxc5 15. b4 Be7 16. Nb3 b6 17. Nd4 a5 18. Nab5 0-0 19. Nxc6 Bxc6 20. bxa5 bxa5 21. Nd4 Bd7 22. Kd2 Rfb8 23. Rhb1 a4 24. Bd1 e5 25. Nf3 f6 26. Bc2 Kf7 27. Ne1 Ra7 28. Nd3 Be8 29. b3 a3 30. b4 Bb5 31. Bb3 Bc4 32. Kc2 Rc8 33. Bxc4 dxc4 34. Nc1 f5 35. Ne2 Ke6 36. Rd1 g5 37. f3 h5 38. Rd2 h4 39. gxh4 gxh4 40. f4 Rg8 41. fxe5 Kxe5 42. Nd4 Ra6 43. Rf2 Rag6 44. Nf3+ Ke4 45. Nd2+ Ke5 46. Nxc4+ Kd5 47. Kd3 Rxg2 48. Rxf5+ Ke6 49. Re5+ Kd7 50. Rxa3 Rd8 51. Rd5+ Ke8 52. Rxd8+ Bxd8 53. Ra7 h3 54. Rh7 h2 55. Nd6+ Kf8 56. c4 Bf6 57. c5 Be5 58. Ke4 Bg3 59. Nf5 Bb8 60. Nd6 Rg4+ 61. Kd5 Rg5+ 62. Kc6 Rg2 63. b5 Kg8 64. Rh3 Rc2 65. b6 Kg7 66. Kb7 Bxd6 67. cxd6 Kf6 68. d7 Rd2 69. Rxh2 Rxd7+ 70. Kc6 Rd3 71. Rb2 Rxe3 72. b7 Rc3+ 73. Kb6 Rb3+ 74. Rxb3 1-0

[Event "SVK-chT2B 1819"]
[Site "Slovakia"]
[Date "2019.03.03"]
[Round "9.2"]
[White "Dobrotka, Martin"]
[Black "Molnar, Erno"]
[Result "1/2-1/2"]
[WhiteElo "2186"]
[BlackElo "2221"]
[PlyCount "22"]
[EventDate "2018.10.13"]
[EventType "team-tourn"]
[EventRounds "11"]
[EventCountry "SVK"]
[SourceTitle "CBM 189 Extra"]
[Source "ChessBase"]
[SourceDate "2019.06.03"]
[SourceVersion "1"]
[SourceVersionDate "2019.06.03"]
[SourceQuality "1"]
[WhiteTeam "Prievidza"]
[BlackTeam "Komarno II"]
[WhiteTeamCountry "SVK"]
[BlackTeamCountry "SVK"]

1. Nf3 Nf6 2. g3 g6 3. Bg2 Bg7 4. 0-0 d5 5. d4 0-0 6. c4 dxc4 7. Na3 c3 8. bxc3 c5 9. Nc4 Nc6 10. Nfe5 Be6 11. Nxc6 bxc6 1/2-1/2

[Event "SVK-chT2B 1819"]
[Site "Slovakia"]
[Date "2019.03.02"]
[Round "8.1"]
[White "Dobrotka, Martin"]
[Black "Berek, Geza"]
[Result "0-1"]
[WhiteElo "2186"]
[BlackElo "2178"]
[PlyCount "118"]
[EventDate "2018.10.13"]
[EventType "team-tourn"]
[EventRounds "11"]
[EventCountry "SVK"]
[SourceTitle "CBM 189 Extra"]
[Source "ChessBase"]
[SourceDate "2019.06.03"]
[SourceVersion "1"]
[SourceVersionDate "2019.06.03"]
[SourceQuality "1"]
[WhiteTeam "Prievidza"]
[BlackTeam "Batorove Kosihy II"]
[WhiteTeamCountry "SVK"]
[BlackTeamCountry "SVK"]

1. d4 g6 2. c4 Nf6 3. Nf3 Bg7 4. g3 0-0 5. Bg2 d6 6. 0-0 Nc6 7. Nc3 Bg4 8. d5 Na5 9. Nd2 c5 10. Rb1 a6 11. a3 Qc7 12. h3 Bd7 13. Kh2 b5 14. b3 bxc4 15. Nxc4 Nxc4 16. bxc4 Ng4+ 17. hxg4 Bxc3 18. Qd3 Bd4 19. Bh6 Rfb8 20. Bf3 Qc8 21. Qe4 Qd8 22. Qd3 Rxb1 23. Rxb1 Rb8 24. Kg2 Rb6 25. Rxb6 Qxb6 26. Qe4 Be5 27. Bc1 Qb3 28. Qd3 Ba4 29. Be4 Qc3 30. Qxc3 Bxc3 31. Bd3 Kf8 32. g5 Ke8 33. f4 Kd7 34. Kf2 Kc7 35. Ke3 Bb3 36. Kf2 Kb6 37. e4 Ka5 38. Ke2 Ka4 39. g4 Ka5 40. f5 Ka4 41. Bf4 Kxa3 42. f6 exf6 43. Bxd6 Kb4 44. Be7 fxg5 45. Bxg5 f6 46. Bd2 Bxd2 47. Kxd2 h6 48. d6 Ba4 49. e5 fxe5 50. Bxg6 Kxc4 51. Bf5 Kd4 52. d7 Bxd7 53. Bxd7 a5 54. Bb5 c4 55. Ba4 c3+ 56. Kc2 Kc4 57. Bc6 Kd4 58. Bb5 e4 59. Be2 Ke3 0-1

[Event "SVK-chT2B 1819"]
[Site "Slovakia"]
[Date "2018.12.16"]
[Round "6.2"]
[White "Chlpik, Martin"]
[Black "Dobrotka, Martin"]
[Result "1/2-1/2"]
[WhiteElo "2185"]
[BlackElo "2192"]
[PlyCount "115"]
[EventDate "2018.10.13"]
[EventType "team-tourn"]
[EventRounds "11"]
[EventCountry "SVK"]
[SourceTitle "CBM 189 Extra"]
[Source "ChessBase"]
[SourceDate "2019.06.03"]
[SourceVersion "1"]
[SourceVersionDate "2019.06.03"]
[SourceQuality "1"]
[WhiteTeam "Levice"]
[BlackTeam "Prievidza"]
[WhiteTeamCountry "SVK"]
[BlackTeamCountry "SVK"]

1. e4 c6 2. d4 d5 3. exd5 cxd5 4. c3 Nc6 5. Bd3 Nf6 6. Bf4 e6 7. Nd2 Bd6 8. Bg3 e5 9. dxe5 Bxe5 10. Ngf3 Bxg3 11. hxg3 0-0 12. Qa4 Re8+ 13. Kf1 Bd7 14. Qf4 Qb8 15. Rd1 Qxf4 16. gxf4 Bg4 17. Re1 Rxe1+ 18. Nxe1 Ne7 19. f3 Bf5 20. Kf2 h5 21. Nb3 Bxd3 22. Nxd3 Nf5 23. Rd1 Re8 24. Nb4 Ne7 25. a4 Kf8 26. a5 Rc8 27. a6 bxa6 28. Ra1 Ng6 29. g3 h4 30. gxh4 Nxf4 31. Rxa6 Rc7 32. Nd4 Ng6 33. h5 Nxh5 34. Nxd5 Rd7 35. Nb4 Nhf4 36. Ke3 Re7+ 37. Kd2 Ne5 38. b3 g5 39. c4 g4 40. fxg4 Nxg4 41. c5 Nf2 42. Kc3 Ne4+ 43. Kc4 Nd2+ 44. Kb5 Rb7+ 45. Ka5 Ne6 46. Nxe6+ fxe6 47. Ka4 Ne4 48. c6 Nc3+ 49. Ka3 Nb5+ 50. Kb2 Rc7 51. Ra5 Nd6 52. Rc5 Ke7 53. Na6 Rc8 54. b4 Ne8 55. b5 Nc7 56. Nxc7 Rxc7 57. Kc3 Kd6 58. Kb4 1/2-1/2